[Event "Quebec-ch"]
[Site "Longueuil CAN"]
[Date "1997.06.12"]
[Round "7"]
[White "Filion, Charles"]
[Black "Schleifer, Michael"]
[Result "1/2-1/2"]
[WhiteElo "2155"]
[BlackElo "2320"]
[PlyCount "157"]
[GameId "2160767911965696"]
[EventDate "1997.06.05"]
[EventType "tourn"]
[EventRounds "9"]
[EventCountry "CAN"]
[SourceTitle "EXP 58"]
[Source "ChessBase"]
[SourceDate "1997.07.29"]
[SourceVersion "1"]
[SourceVersionDate "1997.07.29"]
[SourceQuality "1"]

1. e4 g6 2. d4 Bg7 3. Nc3 d6 4. f4 Nf6 5. Nf3 O-O 6. Bd3 c5 7. d5 Na6 8. O-O Nb4 9. Bc4 e6 10. dxe6 Bxe6 11. Bxe6 fxe6 12. a3 Nc6 13. f5 exf5 14. exf5 gxf5 15. Qd3 Qd7 16. Be3 Rae8 17. Rad1 Qe6 18. Bf4 Ne4 19. Nb5 Rd8 20. c3 h6 21. Rfe1 c4 22. Qd5 Qxd5 23. Rxd5 Ne7 24. Rxd6 Nxd6 25. Bxd6 Nc6 26. Bxf8 Bxf8 27. Kf1 Rd5 28. Nc7 Rd3 29. Ne6 Bd6 30. Ned4 Nxd4 31. Nxd4 Bxh2 32. Nxf5 Bf4 33. Re4 Bg5 34. Rxc4 Rd1+ 35. Ke2 Rd2+ 36. Kf3 Rxb2 37. Rc7 a5 38. a4 Ra2 39. Rc4 Rb2 40. Rc7 Ra2 41. Rc4 Rb2 42. Nd6 b6 43. Rc6 Ra2 44. Rc4 Rb2 45. Rc6 Ra2 46. Rxb6 Rxa4 47. c4 Be7 48. Rb8+ Kg7 49. Nf5+ Kf6 50. g4 Bc5 51. Rb5 Rxc4 52. Rxa5 h5 53. Ra6+ Kg5 54. gxh5 Kxf5 55. h6 Bd4 56. h7 Be5 57. Ra8 Rh4 58. Ra7 Kg6 59. Re7 Bg7 60. Re4 Rxh7 61. Kg4 Bf6 62. Rf4 Rh1 63. Re4 Rg1+ 64. Kf4 Bg5+ 65. Ke5 Rd1 66. Rg4 Rd8 67. Re4 Bf6+ 68. Kf4 Rd6 69. Kg4 Rd5 70. Rf4 Be5 71. Re4 Kf6 72. Ra4 Bd6 73. Re4 Rg5+ 74. Kf3 Kf5 75. Ra4 Rg3+ 76. Kf2 Be5 77. Rb4 Ra3 78. Rc4 Bf4 79. Rc8 1/2-1/2

[Event "Quebec-ch"]
[Site "Longueuil CAN"]
[Date "1997.06.12"]
[Round "7"]
[White "Goldenberg, Danny"]
[Black "Mikanovic, Goran"]
[Result "1-0"]
[WhiteElo "2270"]
[BlackElo "2305"]
[PlyCount "59"]
[GameId "2160767911965697"]
[EventDate "1997.06.05"]
[EventType "tourn"]
[EventRounds "9"]
[EventCountry "CAN"]
[SourceTitle "EXP 58"]
[Source "ChessBase"]
[SourceDate "1997.07.29"]
[SourceVersion "1"]
[SourceVersionDate "1997.07.29"]
[SourceQuality "1"]

1. d4 Nf6 2. Nc3 d5 3. Bg5 Nbd7 4. Nf3 h6 5. Bh4 e6 6. e4 g5 7. Bg3 Nxe4 8. Nxe4 dxe4 9. Nd2 Bg7 10. h4 Bxd4 11. c3 gxh4 12. Rxh4 Bf6 13. Qh5 Nf8 14. Nxe4 Ng6 15. Rg4 Bg7 16. Bb5+ Kf8 17. Rd1 Qe7 18. Rxg6 fxg6 19. Qxg6 Rg8 20. Qh5 Bf6 21. Nxf6 Rxg3 22. fxg3 Qxf6 23. Qe8+ Kg7 24. Rd8 Qe5+ 25. Kf1 Qf5+ 26. Kg1 Kf6 27. Qh8+ Ke7 28. Re8+ Kd6 29. Qd4+ Qd5 30. Rd8+ 1-0

[Event "Quebec-ch"]
[Site "Longueuil CAN"]
[Date "1997.06.13"]
[Round "8"]
[White "Cote, Jacques"]
[Black "Saint-Pierre, Benoit"]
[Result "0-1"]
[WhiteElo "2090"]
[BlackElo "2278"]
[PlyCount "120"]
[GameId "2160767911965701"]
[EventDate "1997.06.05"]
[EventType "tourn"]
[EventRounds "9"]
[EventCountry "CAN"]
[SourceTitle "EXP 58"]
[Source "ChessBase"]
[SourceDate "1997.07.29"]
[SourceVersion "1"]
[SourceVersionDate "1997.07.29"]
[SourceQuality "1"]

1. e4 c5 2. Nf3 Nc6 3. d4 cxd4 4. Nxd4 Nf6 5. Nc3 d6 6. Bb5 Bd7 7. Bg5 Nxd4 8. Bxd7+ Qxd7 9. Bxf6 Nxc2+ 10. Qxc2 gxf6 11. O-O e6 12. f4 Be7 13. Rad1 Qc6 14. Qb3 Rg8 15. Rc1 Rc8 16. Ne2 Qd7 17. Rxc8+ Qxc8 18. Rc1 Qd7 19. Nd4 Bd8 20. Kh1 Bb6 21. Nb5 Ke7 22. Rd1 Qc6 23. Nxd6 Bc7 24. Nb5 Bxf4 25. Qb4+ Ke8 26. Qd4 Qb6 27. Qxf6 Bg5 28. Qf1 Be7 29. e5 f5 30. Nd6+ Kf8 31. Nc8 Qxb2 32. Rb1 Qxe5 33. Nxe7 Kxe7 34. Rxb7+ Kf6 35. Rxa7 Rc8 36. Rd7 Qb2 37. a4 Ra8 38. Rxh7 Rxa4 39. Rd7 Qb5 40. Rd1 Qxf1+ 41. Rxf1 e5 42. Kg1 Kg5 43. g3 Kg4 44. Re1 e4 45. Rf1 e3 46. Re1 Ra3 47. Kg2 Ra2+ 48. Kg1 f4 49. gxf4 Kf3 50. Rf1+ Ke4 51. f5 e2 52. Rb1 Ke3 53. f6 Rd2 54. f7 Rd1+ 55. Kg2 e1=Q 56. Rb3+ Kd4 57. f8=Q Rd2+ 58. Kh3 Qe6+ 59. Kh4 Rxh2+ 60. Kg5 Rg2+ 0-1

[Event "Quebec-ch"]
[Site "Longueuil CAN"]
[Date "1997.06.13"]
[Round "8"]
[White "Mikanovic, Goran"]
[Black "Schleifer, Michael"]
[Result "1/2-1/2"]
[WhiteElo "2305"]
[BlackElo "2320"]
[PlyCount "108"]
[GameId "2160767911965704"]
[EventDate "1997.06.05"]
[EventType "tourn"]
[EventRounds "9"]
[EventCountry "CAN"]
[SourceTitle "EXP 58"]
[Source "ChessBase"]
[SourceDate "1997.07.29"]
[SourceVersion "1"]
[SourceVersionDate "1997.07.29"]
[SourceQuality "1"]

1. d4 c5 2. d5 e5 3. e4 d6 4. Nc3 Ne7 5. Nf3 Ng6 6. a4 Be7 7. g3 O-O 8. Bg2 f5 9. exf5 Bxf5 10. Nd2 Na6 11. Nde4 Nb4 12. O-O h6 13. Be3 Qd7 14. Qd2 Rf7 15. Nb5 Na6 16. c3 Nc7 17. Nxc7 Qxc7 18. b4 c4 19. a5 Bd7 20. Rfd1 Bf8 21. h3 Ne7 22. f3 Nf5 23. Bf2 Bb5 24. h4 Qd8 25. Bh3 Bd7 26. Bf1 Be7 27. Bxc4 g5 28. h5 Ng7 29. Qe2 Qf8 30. Rd3 Nxh5 31. Bb3 Nf6 32. Nxf6+ Rxf6 33. c4 Qf7 34. Re3 Rf8 35. c5 Rxf3 36. Rxf3 Qxf3 37. Qxf3 Rxf3 38. Rb1 Kf7 39. a6 bxa6 40. c6 Bf5 41. Rb2 Bf6 42. Bc2 e4 43. Rb3 e3 44. Rxe3 Rxe3 45. Bxf5 Rc3 46. Bxa7 Rc1+ 47. Kf2 Bd8 48. Bd3 Kf6 49. Bd4+ Ke7 50. Bxa6 Rb1 51. b5 h5 52. b6 Rxb6 53. Bxb6 Bxb6+ 54. Kf3 Kf6 1/2-1/2

[Event "Quebec-ch"]
[Site "Longueuil CAN"]
[Date "1997.06.13"]
[Round "8"]
[White "Moussa, Alaa Eddine"]
[Black "Linskiy, Oleg"]
[Result "0-1"]
[WhiteElo "2235"]
[BlackElo "2200"]
[PlyCount "70"]
[GameId "2160767911965705"]
[EventDate "1997.06.05"]
[EventType "tourn"]
[EventRounds "9"]
[EventCountry "CAN"]
[SourceTitle "EXP 58"]
[Source "ChessBase"]
[SourceDate "1997.07.29"]
[SourceVersion "1"]
[SourceVersionDate "1997.07.29"]
[SourceQuality "1"]

1. Nf3 Nf6 2. g3 d5 3. Bg2 c6 4. O-O Bf5 5. b3 h6 6. Bb2 e6 7. d3 Nbd7 8. Nbd2 Bh7 9. Ne1 Be7 10. e4 dxe4 11. dxe4 Nc5 12. Qe2 O-O 13. Nd3 Nfd7 14. Rad1 Nxd3 15. cxd3 Qa5 16. a3 Qb5 17. Qe3 c5 18. d4 cxd4 19. Qxd4 Bf6 20. Qc4 Qb6 21. Bxf6 Nxf6 22. b4 Rac8 23. Qb3 Qd4 24. Nb1 Qe5 25. f4 Qc7 26. f5 exf5 27. exf5 Qb6+ 28. Kh1 Ng4 29. Nc3 Nf2+ 30. Rxf2 Qxf2 31. Ne4 Qxf5 32. Nd6 Qc2 33. Qd5 Rcd8 34. Bf3 b6 35. Bh5 Rxd6 0-1

[Event "Quebec-ch"]
[Site "Longueuil CAN"]
[Date "1997.06.15"]
[Round "9"]
[White "Filion, Charles"]
[Black "Moussa, Alaa Eddine"]
[Result "1/2-1/2"]
[WhiteElo "2155"]
[BlackElo "2235"]
[PlyCount "115"]
[GameId "2160767911965706"]
[EventDate "1997.06.05"]
[EventType "tourn"]
[EventRounds "9"]
[EventCountry "CAN"]
[SourceTitle "EXP 58"]
[Source "ChessBase"]
[SourceDate "1997.07.29"]
[SourceVersion "1"]
[SourceVersionDate "1997.07.29"]
[SourceQuality "1"]

1. e4 c5 2. Nf3 Nc6 3. d4 cxd4 4. Nxd4 Nf6 5. Nc3 e5 6. Ndb5 d6 7. Bg5 a6 8. Na3 b5 9. Nd5 Be7 10. Bxf6 Bxf6 11. c3 O-O 12. Nc2 Bg5 13. Be2 Be6 14. O-O Ne7 15. a4 bxa4 16. Rxa4 a5 17. Bc4 Qd7 18. Nce3 Rfb8 19. b3 Nc8 20. Qd3 Bxe3 21. Qxe3 Bxd5 22. Bxd5 Nb6 23. Ra3 Nxd5 24. exd5 Qb5 25. c4 Qb4 26. Rfa1 g6 27. Qe1 Qxe1+ 28. Rxe1 f5 29. Kf1 Kf7 30. Ke2 e4 31. Kd2 Kf6 32. Kc3 Rb4 33. Rb1 Ke5 34. Ra4 f4 35. Rxb4 axb4+ 36. Kxb4 e3 37. Kc3 Ke4 38. Rb2 Ra1 39. f3+ Ke5 40. Kd3 Rd1+ 41. Ke2 Rg1 42. Kd3 Rd1+ 43. Kc3 Rf1 44. Rc2 Rf2 45. Kd3 Rxc2 46. Kxc2 Kd4 47. g3 g5 48. g4 h6 49. h3 Kc5 50. Kc3 Kb6 51. b4 Kc7 52. Kd3 Kb6 53. Kc3 Kc7 54. Kc2 Kb6 55. Kd3 Kc7 56. c5 dxc5 57. bxc5 Kd7 58. Ke2 1/2-1/2

[Event "Quebec-ch"]
[Site "Longueuil CAN"]
[Date "1997.06.15"]
[Round "9"]
[White "Linskiy, Oleg"]
[Black "Cote, Jacques"]
[Result "1-0"]
[WhiteElo "2200"]
[BlackElo "2090"]
[PlyCount "91"]
[GameId "2160767911965708"]
[EventDate "1997.06.05"]
[EventType "tourn"]
[EventRounds "9"]
[EventCountry "CAN"]
[SourceTitle "EXP 58"]
[Source "ChessBase"]
[SourceDate "1997.07.29"]
[SourceVersion "1"]
[SourceVersionDate "1997.07.29"]
[SourceQuality "1"]

1. Nc3 d5 2. e4 d4 3. Nce2 c5 4. Ng3 Nc6 5. Bb5 g6 6. f4 Qc7 7. Bxc6+ Qxc6 8. Nf3 Bg7 9. O-O Nh6 10. d3 O-O 11. h3 Qc7 12. Bd2 a5 13. a4 Bd7 14. Ne5 Be8 15. Nc4 f6 16. c3 dxc3 17. Bxc3 b6 18. Qb3 Bf7 19. Qxb6 Qd7 20. Rfd1 Be6 21. Qxc5 Rfc8 22. Qf2 Bxc4 23. dxc4 Qb7 24. Rd5 Rxc4 25. Rxa5 Rxa5 26. Bxa5 Qb3 27. Ra3 Qd1+ 28. Qf1 Qd4+ 29. Kh2 Rxa4 30. Rxa4 Qxa4 31. b4 Nf7 32. Qc4 h5 33. f5 gxf5 34. Qc8+ Bf8 35. Qxf5 h4 36. Qg4+ Ng5 37. Qxh4 Qc2 38. Qg4 e6 39. h4 Bd6 40. hxg5 f5 41. exf5 exf5 42. Qf3 Kg7 43. Bd8 Qc4 44. Bf6+ Kf8 45. g6 Qxb4 46. g7+ 1-0

[Event "Quebec-ch"]
[Site "Longueuil CAN"]
[Date "1997.06.15"]
[Round "9"]
[White "Saint-Pierre, Benoit"]
[Black "Goldenberg, Danny"]
[Result "0-1"]
[WhiteElo "2278"]
[BlackElo "2270"]
[PlyCount "88"]
[GameId "2160767911965709"]
[EventDate "1997.06.05"]
[EventType "tourn"]
[EventRounds "9"]
[EventCountry "CAN"]
[SourceTitle "EXP 58"]
[Source "ChessBase"]
[SourceDate "1997.07.29"]
[SourceVersion "1"]
[SourceVersionDate "1997.07.29"]
[SourceQuality "1"]

1. d4 Nf6 2. Nf3 g6 3. Bf4 Bg7 4. e3 O-O 5. Be2 d6 6. h3 c5 7. O-O Qb6 8. Nc3 cxd4 9. exd4 Bf5 10. Rb1 Nc6 11. a3 e5 12. Be3 Qd8 13. Bb5 e4 14. Nh2 d5 15. Ng4 Bxg4 16. hxg4 h5 17. gxh5 Nxh5 18. Be2 Nf6 19. Qd2 Ne8 20. b3 Nc7 21. Bd1 Ne6 22. Ne2 f5 23. c4 dxc4 24. bxc4 Ncxd4 25. Nxd4 Nxd4 26. Rxb7 Rf7 27. Rxf7 Kxf7 28. c5 Be5 29. Re1 Rc8 30. Qb4 Qd5 31. Bxd4 Qxd4 32. Bb3+ Kg7 33. Rd1 Qxb4 34. axb4 Bc3 35. Be6 Rc7 36. Rb1 Kf6 37. Bg8 a5 38. bxa5 Bxa5 39. Rb5 Bc3 40. Rb6+ Kg7 41. Ba2 Rxc5 42. Kf1 Bd4 43. Bb1 Rc1+ 44. Ke2 Bxb6 0-1

[Event "Quebec-ch (ville/city)"]
[Site "Quebec CAN"]
[Date "1997.05.22"]
[Round "1"]
[White "Auger, Bertrand"]
[Black "Liard, Serge"]
[Result "1-0"]
[WhiteElo "1990"]
[BlackElo "1951"]
[PlyCount "45"]
[GameId "2160767911965771"]
[EventDate "1997.05.22"]
[EventType "tourn"]
[EventRounds "5"]
[EventCountry "CAN"]

1. Nf3 b5 2. g3 Bb7 3. Bg2 e5 4. O-O d6 5. c4 bxc4 6. Qa4+ Nd7 7. Na3 e4 8. Nd4 d5 9. d3 c5 10. Nc6 Qc7 11. Na5 cxd3 12. Bf4 Qb6 13. Bh3 f5 14. Bxf5 Ngf6 15. exd3 g6 16. Bh3 Ba6 17. dxe4 Bxf1 18. Rxf1 O-O-O 19. b4 Nxe4 20. bxc5 Bxc5 21. Rb1 Nxf2 22. Rxb6 Nxh3+ 23. Kf1 1-0

[Event "Quebec-ch (ville/city)"]
[Site "Quebec CAN"]
[Date "1997.05.22"]
[Round "1"]
[White "Belanger, Jacques"]
[Black "April, Jacques"]
[Result "0-1"]
[WhiteElo "1909"]
[BlackElo "1825"]
[PlyCount "87"]
[GameId "2160767911965772"]
[EventDate "1997.05.22"]
[EventType "tourn"]
[EventRounds "5"]
[EventCountry "CAN"]
[SourceTitle "Echec+ 1997.09"]

1. e4 c5 2. Nf3 Nc6 3. d4 cxd4 4. Nxd4 e6 5. Nb5 d6 6. c4 Nf6 7. N1c3 a6 8. Na3 Be7 9. Be2 O-O 10. O-O b6 11. Be3 Bb7 12. f3 Rc8 13. Qe1 Qc7 14. Rc1 Ne5 15. Qf2 Ned7 16. Rfd1 Ba8 17. Nc2 Qb7 18. Nd4 Ne5 19. b3 Rfd8 20. Qg3 Ng6 21. Qh3 Qb8 22. f4 Bxe4 23. Nxe4 Nxe4 24. Nxe6 fxe6 25. Qxe6+ Kh8 26. Qxe4 Bf6 27. Bg4 Re8 28. Qf3 Rcd8 29. Bd4 Bxd4+ 30. Rxd4 Rf8 31. Bh5 Nh4 32. Qh3 Nf5 33. Bg6 Nh6 34. Bb1 Qc7 35. Re4 d5 36. Ree1 Qxf4 37. Qd3 Nf5 38. Rcd1 d4 39. Re4 Qc7 40. Rde1 g6 41. Qh3 Ne3 42. Re6 Qf7 43. R6xe3 Qf2+ 44. Kh1 0-1

[Event "Quebec-ch (ville/city)"]
[Site "Quebec CAN"]
[Date "1997.05.22"]
[Round "1"]
[White "St Amand, Paul Jr"]
[Black "L'Heureux, Clement"]
[Result "1/2-1/2"]
[WhiteElo "2112"]
[BlackElo "1754"]
[PlyCount "77"]
[GameId "2160767911965773"]
[EventDate "1997.05.22"]
[EventType "tourn"]
[EventRounds "5"]
[EventCountry "CAN"]

1. d4 Nf6 2. Nf3 d6 3. g3 g6 4. Bg2 Bg7 5. O-O O-O 6. c4 Nbd7 7. Nc3 c6 8. h3 e5 9. e4 h6 10. dxe5 dxe5 11. b3 Qa5 12. Qc2 Nc5 13. Be3 Ne6 14. a3 Qc7 15. Rad1 b6 16. Rfe1 Bd7 17. b4 Rad8 18. c5 bxc5 19. bxc5 Bc8 20. Qa4 Nd7 21. Qc4 Qa5 22. Qb4 Qxb4 23. axb4 a5 24. bxa5 Ndxc5 25. Bf1 Nd4 26. Kg2 Ba6 27. Bxa6 Nxa6 28. Rb1 Ra8 29. Red1 Nc5 30. Nxd4 exd4 31. Bxd4 Bxd4 32. Rxd4 Rxa5 33. Rc4 Rd8 34. Rd1 Rxd1 35. Nxd1 Kf8 36. f4 Ke7 37. Kf3 Ne6 38. Ke3 Kd6 39. Rc3 1/2-1/2

[Event "Quebec-ch (ville/city)"]
[Site "Quebec CAN"]
[Date "1997.05.23"]
[Round "2"]
[White "L'Heureux, Clement"]
[Black "April, Jacques"]
[Result "1-0"]
[WhiteElo "1764"]
[BlackElo "1825"]
[PlyCount "93"]
[GameId "2160767911965774"]
[EventDate "1997.05.22"]
[EventType "tourn"]
[EventRounds "5"]
[EventCountry "CAN"]

1. e4 c5 2. Nf3 Nc6 3. d4 cxd4 4. Nxd4 e6 5. Nb5 d6 6. c4 Nf6 7. N1c3 a6 8. Na3 Be7 9. Be2 O-O 10. O-O b6 11. Be3 Ne5 12. f3 Bb7 13. Qb3 Ned7 14. Rfd1 Qc7 15. Rac1 Nc5 16. Qc2 Rab8 17. b4 Ncd7 18. Qb3 Rfc8 19. Na4 Qd8 20. Nc2 a5 21. a3 Ba8 22. Nd4 d5 23. exd5 exd5 24. Bf4 dxc4 25. Bxc4 Rxc4 26. Qxc4 Bd5 27. Qb5 Rc8 28. Nf5 Rxc1 29. Rxc1 Bf8 30. Qa6 Qe8 31. bxa5 bxa5 32. h3 Qe6 33. Qxe6 fxe6 34. Ne3 Bxa3 35. Rc8+ Kf7 36. Kf2 e5 37. Nxd5 Nxd5 38. Bd2 Bb4 39. Bg5 N7b6 40. Nxb6 Nxb6 41. Rc7+ Kg6 42. Bc1 Nd5 43. Rc6+ Kf7 44. Bb2 Nf4 45. Bc3 Bxc3 46. Rxc3 Kf6 47. Ra3 1-0

[Event "Quebec-ch (ville/city)"]
[Site "Quebec CAN"]
[Date "1997.05.23"]
[Round "2"]
[White "Liard, Serge"]
[Black "Belanger, Jacques"]
[Result "0-1"]
[WhiteElo "1951"]
[BlackElo "1909"]
[PlyCount "115"]
[GameId "2160767911965775"]
[EventDate "1997.05.22"]
[EventType "tourn"]
[EventRounds "5"]
[EventCountry "CAN"]

1. e4 c5 2. c4 Nc6 3. Nc3 g6 4. d3 Bg7 5. Nge2 d6 6. h3 e6 7. Bd2 Nge7 8. Rc1 O-O 9. g4 f5 10. gxf5 exf5 11. Bg2 fxe4 12. dxe4 Nd4 13. Bg5 Qe8 14. Nxd4 Bxd4 15. O-O a6 16. Bxe7 Qxe7 17. Nd5 Qh4 18. Qd3 Bxf2+ 19. Rxf2 Qxf2+ 20. Kh1 Qd4 21. Qxd4 cxd4 22. Kg1 Bd7 23. Rd1 Bc6 24. Nc7 Rac8 25. Ne6 Rfe8 26. Nxd4 Bxe4 27. b3 Bxg2 28. Kxg2 Re3 29. Rd2 Rf8 30. Nc2 Re4 31. Nb4 Rf6 32. Nd5 Rfe6 33. Kf3 Re1 34. a4 Kg7 35. Rd3 Rf1+ 36. Kg2 Rf7 37. Kg3 g5 38. Kg2 h5 39. Nc3 Kg6 40. Nd5 Re2+ 41. Kg1 Rb2 42. Nb6 Rf6 43. Nd7 Rff2 44. Rxd6+ Kf7 45. Ne5+ Ke7 46. Rd1 Rg2+ 47. Kh1 Rh2+ 48. Kg1 Rxh3 49. Re1 Kf6 50. Nd7+ Kf5 51. Rf1+ Kg6 52. Ne5+ Kg7 53. Rf7+ Kg8 54. Rxb7 Rhxb3 55. Ra7 Ra3 56. Ra8+ Kg7 57. Ra7+ Kf6 58. Nf3 0-1

[Event "Quebec-ch (ville/city)"]
[Site "Quebec CAN"]
[Date "1997.05.24"]
[Round "4"]
[White "Auger, Bertrand"]
[Black "Belanger, Jacques"]
[Result "1-0"]
[WhiteElo "1990"]
[BlackElo "1909"]
[PlyCount "73"]
[GameId "2160767911965776"]
[EventDate "1997.05.22"]
[EventType "tourn"]
[EventRounds "5"]
[EventCountry "CAN"]

1. Nf3 Nf6 2. g3 g6 3. b3 Bg7 4. Bb2 O-O 5. Bg2 a5 6. c4 c6 7. O-O d6 8. d4 Qb6 9. a3 Be6 10. Nbd2 Bg4 11. Ne1 Ne8 12. h3 Bc8 13. e3 Nd7 14. Nd3 e5 15. c5 Qb5 16. Nc4 exd4 17. a4 Qa6 18. exd4 d5 19. Nce5 Ndf6 20. Rc1 Bf5 21. Re1 Bxd3 22. Nxd3 Nc7 23. Ne5 Rfe8 24. Kh2 Rad8 25. Rc2 Ne6 26. Rce2 Ne4 27. f3 Bxe5 28. fxe4 dxe4 29. Rxe4 Bg7 30. Bf1 Qa8 31. Bc4 Ng5 32. Rxe8+ Rxe8 33. Rxe8+ Qxe8 34. h4 Qe3 35. hxg5 Qf2+ 36. Kh3 Qxb2 37. Qf1 1-0

[Event "Quebec-ch (ville/city)"]
[Site "Quebec CAN"]
[Date "1997.05.24"]
[Round "4"]
[White "St Amand, Paul Jr"]
[Black "April, Jacques"]
[Result "1-0"]
[WhiteElo "2112"]
[BlackElo "1825"]
[PlyCount "99"]
[GameId "2160767911965777"]
[EventDate "1997.05.22"]
[EventType "tourn"]
[EventRounds "5"]
[EventCountry "CAN"]

1. e4 c5 2. c3 d5 3. exd5 Qxd5 4. d4 Nc6 5. Nf3 Bg4 6. Be2 cxd4 7. cxd4 e6 8. Nc3 Qa5 9. O-O Nf6 10. h3 Bh5 11. Be3 Be7 12. Qb3 Qb4 13. Qxb4 Bxb4 14. a3 Be7 15. g4 Bg6 16. Ne5 O-O 17. Nxg6 hxg6 18. g5 Nd5 19. Nxd5 exd5 20. Bf3 Rfd8 21. h4 a6 22. Bg2 f5 23. f4 Rd6 24. Rac1 Rd7 25. Rc3 Kf7 26. Kf2 Re8 27. Bf3 Bf8 28. Rfc1 Red8 29. Bd1 Ke6 30. Ba4 Ke7 31. Bxc6 bxc6 32. Rxc6 Rd6 33. Ke2 Rxc6 34. Rxc6 Rd6 35. Rc8 Rd8 36. Rc5 Ke6 37. Rc6+ Rd6 38. Rc8 Be7 39. Ra8 Rc6 40. Kd3 Bd6 41. Bd2 Bc7 42. a4 Ke7 43. Ra7 Kd8 44. Ra8+ Ke7 45. b4 Rb6 46. Ra7 Kd7 47. b5 Kc8 48. Ba5 Rb7 49. Rxb7 Kxb7 50. bxa6+ 1-0

[Event "Quebec-ch (ville/city)"]
[Site "Quebec CAN"]
[Date "1997.05.24"]
[Round "5"]
[White "April, Jacques"]
[Black "Auger, Bertrand"]
[Result "0-1"]
[WhiteElo "1825"]
[BlackElo "1990"]
[PlyCount "52"]
[GameId "2160767911965778"]
[EventDate "1997.05.22"]
[EventType "tourn"]
[EventRounds "5"]
[EventCountry "CAN"]

1. d4 Nf6 2. Nf3 e6 3. c4 c5 4. g3 b6 5. Bg2 Bb7 6. O-O Be7 7. Nc3 d5 8. cxd5 exd5 9. e3 O-O 10. Qc2 Re8 11. Rd1 Nbd7 12. Ne5 Bf8 13. Nxd7 Qxd7 14. dxc5 bxc5 15. Qd3 Rad8 16. a4 Qe6 17. Nb5 Qb6 18. a5 Qa6 19. Nc3 Qxd3 20. Rxd3 Ba6 21. Rd1 d4 22. Bc6 dxc3 23. Rxd8 Rxd8 24. bxc3 Rd1+ 25. Kg2 Ng4 26. h3 Bf1+ 0-1

[Event "Quebec-ch (ville/city)"]
[Site "Quebec CAN"]
[Date "1997.05.24"]
[Round "5"]
[White "April, Jacques"]
[Black "Liard, Serge"]
[Result "1/2-1/2"]
[WhiteElo "1825"]
[BlackElo "1951"]
[PlyCount "97"]
[GameId "2160767911965779"]
[EventDate "1997.05.22"]
[EventType "tourn"]
[EventRounds "5"]
[EventCountry "CAN"]

1. d4 b5 2. e4 Bb7 3. Nd2 a6 4. Ngf3 e6 5. Bd3 c5 6. dxc5 Bxc5 7. Nb3 Bb6 8. O-O d5 9. Qe2 Nf6 10. e5 Nfd7 11. Nfd4 Nc6 12. Nxc6 Bxc6 13. Kh1 Qc7 14. f4 g6 15. c3 Nc5 16. Nd4 Nxd3 17. Qxd3 Bxd4 18. Qxd4 Qa7 19. Be3 Qxd4 20. Bxd4 h5 21. h4 O-O-O 22. Kh2 Kb7 23. b3 Rb8 24. Kg3 Rhc8 25. Kf2 Be8 26. Rfc1 a5 27. a3 Rc7 28. b4 Rc4 29. Ke3 Ra8 30. g3 Ra6 31. Kd2 Rc8 32. Kc2 Rca8 33. Kb2 Kc8 34. Be3 Bc6 35. Bd4 Kd7 36. Bc5 Ke8 37. Rg1 Bd7 38. Rgc1 axb4 39. axb4 Rxa1 40. Rxa1 Rxa1 41. Kxa1 f6 42. exf6 Kf7 43. Bd4 e5 44. Bxe5 Be8 45. f5 gxf5 46. Kb1 Ke6 47. Bf4 d4 48. cxd4 Kd5 49. Kb2 1/2-1/2

[Event "Quebec-ch (ville/city) qual. 5"]
[Site "Quebec CAN"]
[Date "1997.02.03"]
[Round "3"]
[White "Drolet, Stephane"]
[Black "Pescarus, Radu"]
[Result "1-0"]
[WhiteElo "1965"]
[BlackElo "1878"]
[PlyCount "47"]
[GameId "2160767911966534"]
[EventDate "1997.02.02"]
[EventType "tourn"]
[EventRounds "4"]
[EventCountry "CAN"]
[SourceTitle "Echec+ 1997.05"]

1. Nf3 Nf6 2. c4 c5 3. Nc3 Nc6 4. g3 b6 5. Bg2 Bb7 6. O-O e6 7. d4 Nxd4 8. Nxd4 Bxg2 9. Kxg2 cxd4 10. Qxd4 Bc5 11. Qd3 d5 12. cxd5 Nxd5 13. Nxd5 Qxd5+ 14. Qxd5 exd5 15. Rd1 d4 16. b3 O-O 17. Bb2 Rfe8 18. Kf1 Rad8 19. Rac1 a5 20. Rc4 Rd6 21. Bxd4 Red8 22. e3 Bxd4 23. Rdxd4 Rxd4 24. Rxd4 1-0

[Event "Quebec-ch (ville/city) qual. 7"]
[Site "Quebec CAN"]
[Date "1997.05.02"]
[Round "2"]
[White "Sarra-Bournet, Marc"]
[Black "Hebert, Andre jr"]
[Result "1-0"]
[WhiteElo "1706"]
[BlackElo "1568"]
[PlyCount "65"]
[GameId "2160767911966091"]
[EventDate "1997.05.02"]
[EventType "swiss"]
[EventRounds "4"]
[EventCountry "CAN"]
[SourceTitle "Echec+ 1997.07"]

1. e4 Nf6 2. e5 Nd5 3. d4 d6 4. c4 Nb6 5. Nf3 Bg4 6. Be2 Nc6 7. b3 dxe5 8. d5 Bxf3 9. Bxf3 Nd4 10. Bb2 Nxf3+ 11. Qxf3 f6 12. O-O g6 13. Nd2 Bg7 14. Ne4 Nd7 15. Rad1 b6 16. Rfe1 O-O 17. Qh3 h6 18. Qe6+ Kh7 19. Ba3 Re8 20. Qh3 Kg8 21. Qg3 Nf8 22. Nc3 Qd7 23. f4 exf4 24. Qxf4 a6 25. Qg3 g5 26. Ne2 Ng6 27. Nd4 Ne5 28. Ne6 Rac8 29. h4 Ng6 30. hxg5 hxg5 31. Qd3 Kf7 32. Qf5 Bh6 33. Nxg5+ 1-0

[Event "Quebec-ch U16"]
[Site "Montreal CAN"]
[Date "1997.03.01"]
[Round "1"]
[White "Fortin, Marc"]
[Black "Caire, Francois"]
[Result "1-0"]
[WhiteElo "1654"]
[BlackElo "1521"]
[PlyCount "81"]
[GameId "2160767911966381"]
[EventDate "1997.03.01"]
[EventType "tourn"]
[EventRounds "7"]
[EventCountry "CAN"]

1. e4 c5 2. Nf3 Nc6 3. d4 cxd4 4. Nxd4 Nf6 5. Nc3 e5 6. Ndb5 d6 7. Bg5 a6 8. Na3 b5 9. Bxf6 gxf6 10. Nd5 f5 11. Bd3 Be6 12. Qh5 Bg7 13. O-O O-O 14. exf5 Bxd5 15. f6 e4 16. fxg7 Re8 17. Qxd5 Nb4 18. Qb3 Nc6 19. Be2 b4 20. Qc4 Rc8 21. Nb1 Qf6 22. c3 a5 23. Nd2 Qe5 24. Bg4 Rc7 25. Bd7 d5 26. Qb5 Na7 27. Qa4 Rd8 28. Bh3 bxc3 29. bxc3 Rxc3 30. Nb3 d4 31. Qxa5 Qxa5 32. Nxa5 e3 33. fxe3 dxe3 34. Rae1 Re8 35. Rf3 Re5 36. Nb3 Nc6 37. g3 Kxg7 38. Bf1 Nb4 39. Re2 f6 40. Nd4 Ra3 41. Kg2 1-0

[Event "Quebec-ch U16"]
[Site "Montreal CAN"]
[Date "1997.03.01"]
[Round "1"]
[White "Gulko, Andrei"]
[Black "Gottlieb, Jonathan"]
[Result "0-1"]
[WhiteElo "1620"]
[BlackElo "1818"]
[PlyCount "95"]
[GameId "2160767911966382"]
[EventDate "1997.03.01"]
[EventType "tourn"]
[EventRounds "7"]
[EventCountry "CAN"]

1. d4 Nf6 2. c4 c5 3. d5 e6 4. Nc3 exd5 5. cxd5 d6 6. Nf3 g6 7. Bg5 Bg7 8. Nd2 O-O 9. e4 Re8 10. Be2 Na6 11. O-O Nc7 12. Qc2 Rb8 13. a4 b6 14. Rfe1 Ba6 15. Nb5 Bxb5 16. axb5 Rb7 17. Ra2 Qe7 18. Bxf6 Bxf6 19. Bc4 Qd7 20. Qd3 Re7 21. h3 Ne8 22. Rb1 Bg7 23. b4 cxb4 24. Rxb4 Nf6 25. f3 Nh5 26. Nb3 Nf4 27. Qf1 Re5 28. Bd3 Rg5 29. g4 h5 30. Nd4 hxg4 31. hxg4 Qe7 32. Ra3 Rc7 33. Ne2 Nxe2+ 34. Bxe2 Rc3 35. Rxc3 Bxc3 36. Rc4 Qe5 37. Qg2 Bd4+ 38. Kf1 Bc5 39. Bd3 Qa1+ 40. Ke2 Qb2+ 41. Rc2 Qd4 42. Rc4 Qe3+ 43. Kf1 Qxd3+ 44. Qe2 Qxe2+ 45. Kxe2 Re5 46. f4 Re7 47. Kd3 f6 48. Rc2 0-1

[Event "Quebec-ch U16"]
[Site "Montreal CAN"]
[Date "1997.03.01"]
[Round "1"]
[White "Moskvitch, Andrei"]
[Black "Bachand-Fleurent, Julien"]
[Result "1-0"]
[WhiteElo "1820"]
[BlackElo "1547"]
[PlyCount "53"]
[GameId "2160767911966383"]
[EventDate "1997.03.01"]
[EventType "tourn"]
[EventRounds "7"]
[EventCountry "CAN"]

1. e4 e6 2. d4 d5 3. e5 c5 4. c3 Nc6 5. Nf3 Qb6 6. Bd3 Bd7 7. dxc5 Bxc5 8. O-O Nge7 9. b4 Nxb4 10. cxb4 Bd4 11. Nxd4 Qxd4 12. Qb3 Qxe5 13. Bb2 Qg5 14. f4 Qg4 15. Nd2 Ng6 16. Bxg6 Qxg6 17. f5 Qh6 18. Qd3 a6 19. fxe6 fxe6 20. Rae1 Kd8 21. Qd4 Rg8 22. Nc4 Qg6 23. Qb6+ Ke7 24. Qd6+ Kd8 25. Ne5 Qe8 26. Nf7+ Kc8 27. Be5 1-0